Engineering Thermodynamics : (Record no. 3652)

MARC details
000 -LEADER
fixed length control field 00745cam a2200253 a 4500
001 - CONTROL NUMBER
control field 2387040
003 - CONTROL NUMBER IDENTIFIER
control field OSt
005 - DATE AND TIME OF LATEST TRANSACTION
control field 20231021112930.0
008 - FIXED-LENGTH DATA ELEMENTS--GENERAL INFORMATION
fixed length control field 850722s1986 nyua b 001 0 eng
010 ## - LIBRARY OF CONGRESS CONTROL NUMBER
LC control number 85017821
020 ## - INTERNATIONAL STANDARD BOOK NUMBER
Terms of availability $35.95 (est.)
040 ## - CATALOGING SOURCE
Original cataloging agency DLC
Transcribing agency DLC
Modifying agency DLC
050 00 - LIBRARY OF CONGRESS CALL NUMBER
Classification number TJ265
Item number .J64 1986
082 00 - DEWEY DECIMAL CLASSIFICATION NUMBER
Classification number 536 JON 1960
Edition number 19
100 1# - MAIN ENTRY--PERSONAL NAME
Personal name Jones, James B.; Hawkins, George A.;
9 (RLIN) 8129
245 10 - TITLE STATEMENT
Title Engineering Thermodynamics :
Remainder of title an introductory textbook
260 ## - PUBLICATION, DISTRIBUTION, ETC. (IMPRINT)
Place of publication, distribution, etc. New York :
Name of publisher, distributor, etc. Wiley,
Date of publication, distribution, etc. 1960.
300 ## - PHYSICAL DESCRIPTION
Extent xx, 836 p. :
Other physical details ill. ;
Dimensions 25 cm.
504 ## - BIBLIOGRAPHY, ETC. NOTE
Bibliography, etc Includes bibliographies and index.
650 #0 - SUBJECT ADDED ENTRY--TOPICAL TERM
Topical term or geographic name as entry element Engineering
9 (RLIN) 373
650 #0 - SUBJECT ADDED ENTRY--TOPICAL TERM
Topical term or geographic name as entry element Thermodynamics.
906 ## - LOCAL DATA ELEMENT F, LDF (RLIN)
a 7
b cbc
c orignew
d 1
e ocip
f 19
g y-gencatlg
942 ## - ADDED ENTRY ELEMENTS (KOHA)
Source of classification or shelving scheme Dewey Decimal Classification
Koha item type Short Loan
Holdings
Withdrawn status Lost status Source of classification or shelving scheme Damaged status Not for loan Home library Current library Date acquired Source of acquisition Inventory number Total Checkouts Full call number Barcode Date last seen Koha item type
    Dewey Decimal Classification     MUST Main Library MUST Main Library 20/04/2016 Donation 98/11941   536 JON 1960 2016-1079 20/04/2016 Short Loan